Culture Générale - Série 1898 - Statistiques

Statistiques générales
  • Ce quiz a été pris 76 fois
  • Le résultat moyen est 3 sur 10
Statistiques - réponses
Question Réponse % Correct
Quel canidé est appelé "renard des sables" ? voir photo fennec
89%
Quel terme médical désigne familièrement l'expression « faire pipi au lit » ? énurésie
48%
Comment appelle-t-on le véhicule qui sert au transport des vaches, chevaux, etc... ? bétaillère
44%
Dans une ruche, comment appelle-ton l’abeille qui nourrit les larves et leur prodigue des soins ? nourrice
23%
Au XVI° siècle, qu'appelait-on "pavane" ? danse
21%
Dans la mythologie grecque, elle est la fille d'Agamemnon et la soeur d'Oreste Electre
17%
Quelle danse catalane a été interdite en Espagne sous Franco ? sardane
13%
Quel adjectif synonyme de "calme" désigne aussi une petite pluie très fine ? serein
10%
Quel nom donne-t-on à l'alevin de l'anguille, autre que "civelle" ? pibale
6%
Quel fleuve long de 571 km, traverse le Liban et la Syrie ? Oronte
3%
Aucun quiz correspondant
Distribution des résultats
% des personnes avec chaque résultat
Percentile par nombre de réponses
Votre historique - résultats
Vous n’avez pas pris ce quiz